| 000 | 01488nam a2200349 a 4500 | ||
|---|---|---|---|
| 001 | ebr10141908 | ||
| 003 | CaPaEBR | ||
| 006 | m u | ||
| 007 | cr cn||||||||| | ||
| 008 | 040715s2003 quc sb 001 0 eng | ||
| 010 | _z 2004426815 | ||
| 020 | _z0773526145 (bound : alk. paper) | ||
| 040 |
_aCaPaEBR _cCaPaEBR |
||
| 035 | _a(OCoLC)180704133 | ||
| 043 | _an-cn--- | ||
| 050 | 1 | 4 |
_aKE8244 _b.M37 2003eb |
| 082 | 0 | 4 |
_a347.71/035 _221 |
| 100 | 1 |
_aMartin, Robert, _d1939- |
|
| 245 | 1 | 4 |
_aThe most dangerous branch _h[electronic resource] : _bhow the Supreme Court of Canada has undermined our law and our democracy / _cRobert Ivan Martin. |
| 260 |
_aMontreal ; _aIthaca [N.Y.] : _bMcGill-Queen's University Press, _cc2003. |
||
| 300 | _axxii, 285 p. | ||
| 504 | _aIncludes bibliographical references (p. [261]-278) and index. | ||
| 533 |
_aElectronic reproduction. _bPalo Alto, Calif. : _cebrary, _d2013. _nAvailable via World Wide Web. _nAccess may be limited to ebrary affiliated libraries. |
||
| 610 | 1 | 0 |
_aCanada. _bSupreme Court _xHistory. |
| 650 | 0 |
_aConstitutional courts _zCanada _xHistory. |
|
| 650 | 0 |
_aConstitutional history _zCanada. |
|
| 650 | 0 |
_aPolitical questions and judicial power _zCanada _xHistory. |
|
| 650 | 0 |
_aJudicial review _zCanada _xHistory. |
|
| 655 | 7 |
_aElectronic books. _2local |
|
| 710 | 2 | _aebrary, Inc. | |
| 856 | 4 | 0 |
_uhttp://site.ebrary.com/lib/rucke/Doc?id=10141908 _zAn electronic book accessible through the World Wide Web; click to view |
| 999 |
_c90069 _d90069 |
||